Engineering mathematics : Vol- 1 (Record no. 1482)

MARC details
000 -LEADER
Fixed length control field 00444nam a2200181 4500
003 - CONTROL NUMBER IDENTIFIER
Control field SEACOMEC
005 - DATE AND TIME OF LATEST TRANSACTION
Control field 20240724162035.0
008 - FIXED-LENGTH DATA ELEMENTS--GENERAL INFORMATION
Fixed length control field 240620b |||||||| |||| 00| 0 eng d
020 ## - INTERNATIONAL STANDARD BOOK NUMBER / ISBN
Price 150.00
040 ## - CATALOGING SOURCE
Original cataloging agency SEACOMEC
082 ## - DEWEY DECIMAL CLASSIFICATION NUMBER
Classification number 510
Book Number P153
100 ## - MAIN ENTRY--PERSONAL NAME
Personal name Pal, B.K
245 ## - TITLE STATEMENT
Title Engineering mathematics : Vol- 1
Statement of responsibility / B.K. Pal and K. Das
250 ## - EDITION STATEMENT
Edition statement 3rd rev ed.
260 ## - IMPRINT
Place of publication Kolkata
Name of publisher U,N.Dhur,
Date of publication 2007
300 ## - PHYSICAL DESCRIPTION
Page / Vol. No vol- 1
942 ## - ADDED ENTRY ELEMENTS (KOHA)
Koha item type Books
Holdings
Withdrawn status Lost status Source of classification Damaged status Not for loan Home library Current library Date acquired Total Checkouts Call number Accession number Date last seen Price effective from Koha item type Copy number
    Dewey Decimal Classification     SEACOM ENGINEERING COLLEGE SEACOM ENGINEERING COLLEGE 14/08/2007   510 P153 7801 24/07/2024 24/07/2024 Books  
    Dewey Decimal Classification     SEACOM ENGINEERING COLLEGE SEACOM ENGINEERING COLLEGE 14/08/2007   510 P153 7802 24/07/2024 24/07/2024 Books 1
    Dewey Decimal Classification     SEACOM ENGINEERING COLLEGE SEACOM ENGINEERING COLLEGE 14/08/2007   510 P153 7803 24/07/2024 24/07/2024 Books 2
    Dewey Decimal Classification     SEACOM ENGINEERING COLLEGE SEACOM ENGINEERING COLLEGE 14/08/2007   510 P153 7804 24/07/2024 24/07/2024 Books 3
    Dewey Decimal Classification     SEACOM ENGINEERING COLLEGE SEACOM ENGINEERING COLLEGE 14/08/2007   510 P153 7805 24/07/2024 24/07/2024 Books 4
    Dewey Decimal Classification     SEACOM ENGINEERING COLLEGE SEACOM ENGINEERING COLLEGE 14/08/2007   510 P153 7806 24/07/2024 24/07/2024 Books 5
    Dewey Decimal Classification     SEACOM ENGINEERING COLLEGE SEACOM ENGINEERING COLLEGE 14/08/2007   510 P153 7807 24/07/2024 24/07/2024 Books 6
    Dewey Decimal Classification     SEACOM ENGINEERING COLLEGE SEACOM ENGINEERING COLLEGE 14/08/2007   510 P153 7808 24/07/2024 24/07/2024 Books 7
    Dewey Decimal Classification     SEACOM ENGINEERING COLLEGE SEACOM ENGINEERING COLLEGE 14/08/2007   510 P153 7809 24/07/2024 24/07/2024 Books 8
    Dewey Decimal Classification     SEACOM ENGINEERING COLLEGE SEACOM ENGINEERING COLLEGE 14/08/2007   510 P153 7810 24/07/2024 24/07/2024 Books 9
© Seacom Engineering College, All rights reserved.      Powered by Koha